000 00577 a2200217 4500
005 20240717160007.0
008 240717b |||||||| |||| 00| 0 eng d
020 _a9788131131306
_cRs. 1095.00
040 _aMAIN
082 _a301.20954
_bM896S(2)
100 _aMukerji, Dhurjati Prasad
245 _aSociology of Indian culture
250 _a2nd
260 _bRawat Publications
_c2023
_aJaipur
300 _aix, 235
650 _aEducation Mobility
650 _aSocial Mobility
650 _aModern Indian Culture
650 _aModern Indian Music
942 _cBK
999 _c312270
_d312270